000 00720nas a2200265 4500
001 BR9603486
003 BR-BrBNA
005 20231205095302.0
007 ta
008 230509b bl.|||p| |||| 00| 00por d
040 _aBR-BrBNA
_bpor
_cBiblioteca Nacional de Agricultura
041 _a(Pt)
072 _aF30; F02
100 1 _aMachado, N.F.
100 1 _aMolin, R.
100 1 _aCergatti, A.
100 1 _aKohltrausch, A.
245 1 _aAvaliacao de cultivares de soja-Parte II
650 _aSoja
650 _aVariedade
650 _aEpoca de Plantio
773 0 _tRevista Batavo (Brazil)
_x
_g(Sep 1993), v. 2(23) p. 31-37
_wBR9603486
909 _a202311
_bLúcia
_c55
_dLúcia Elande
942 _2AGRIS
_n0
_cANA
999 _c149825
_d149825